El paisaje prometido (Record no. 180135)

MARC details
000 -LEADER
campo de control de longitud fija 01108nam a2200265 i 4500
001 - NÚMERO DE CONTROL
campo de control 180135
003 - IDENTIFICADOR DE NÚMERO DE CONTROL
campo de control ES-MaACL
005 - FECHA Y HORA DE LA ÚLTIMA TRANSACCIÓN
campo de control 20240508093103.0
008 - DATOS DE LONGITUD FIJA--INFORMACIÓN GENERAL
campo de control de longitud fija 120423s2010 sp acp |||| |dspa d
020 ## - NÚMERO INTERNACIONAL ESTÁNDAR DEL LIBRO
Número Internacional Estándar del Libro 84-95850-30-3
080 ## - NÚMERO DE LA CLASIFICACIÓN DECIMAL UNIVERSAL
Número de la Clasificación Decimal Universal 75 Sánchez-Carralero López, José
080 ## - NÚMERO DE LA CLASIFICACIÓN DECIMAL UNIVERSAL
Número de la Clasificación Decimal Universal 821.134.2-14"19"
080 ## - NÚMERO DE LA CLASIFICACIÓN DECIMAL UNIVERSAL
Número de la Clasificación Decimal Universal 929 Sánchez-Carralero López, José
100 1# - ENTRADA PRINCIPAL--NOMBRE DE PERSONA
Nombre de persona Sánchez-Carralero López, José.
9 (RLIN) 149858
245 13 - MENCIÓN DEL TÍTULO
Título El paisaje prometido
Resto del título : (sesenta y ocho poetas del mundo para un pintor de Castilla y León) /
Mención de responsabilidad, etc. José S. Carralero ; idea y edición de Alfredo Pérez Alencart ; Tundidor, Morejón, Tamura ... [et al.].
260 ## - PUBLICACIÓN, DISTRIBUCIÓN, ETC.
Lugar de publicación, distribución, etc. Salamanca :
Nombre del editor, distribuidor, etc. Sociedad de Estudios Literarios y Humanísticos,
Fecha de publicación, distribución, etc. [2010]
300 ## - DESCRIPCIÓN FÍSICA
Extensión 148 p. :
Otras características físicas il. col. ;
Dimensiones 24 cm.
600 17 - PUNTO DE ACCESO ADICIONAL DE MATERIA--NOMBRE DE PERSONA
Nombre de persona Sánchez-Carralero López, José.
9 (RLIN) 149858
650 04 - PUNTO DE ACCESO ADICIONAL DE MATERIA--TÉRMINO DE MATERIA
Término de materia o nombre geográfico como elemento de entrada Poesía-
Subdivisión cronológica S.XX
9 (RLIN) 16200
700 1# - ENTRADA AGREGADA--NOMBRE PERSONAL
Nombre de persona Pérez Alencart, Alfredo.
9 (RLIN) 90629
700 1# - ENTRADA AGREGADA--NOMBRE PERSONAL
Nombre de persona Tundidor, Jesús Hilario,
Fechas asociadas al nombre 1935-
9 (RLIN) 111674
852 ## - LOCALIZACIÓN
Ubicación ES-MaACL
Número de control de estantería A-12068
itemnumber 187045
Sublocalización o colección R.146953
Ubicación en estantería Depósito 1
Signatura antigua Olim: N-5073
942 ## - ELEMENTOS DE ENTRADA SECUNDARIOS (KOHA)
Fuente del sistema de clasificación o colocación Clasificación decimal universal
Tipo de ítem Koha Libro impreso
Holdings
Estatus retirado Estado de pérdida Fuente del sistema de clasificación o colocación Estado de daño No para préstamo Biblioteca de origen Biblioteca actual Ubicación en estantería Fecha de adquisición Fuente de adquisición Total de préstamos Signatura topográfica completa Código de barras Visto por última vez Precio de reemplazo Tipo de ítem Koha
    Clasificación decimal universal     Biblioteca del Ateneo de Madrid Biblioteca del Ateneo de Madrid Depósito 1 23/04/2012 Donación   A-12068 1189272 23/02/2023 23/02/2023 Libro impreso